Introduction to statistics : (Record no. 123975)
[ view plain ]
| 000 -LEADER | |
|---|---|
| fixed length control field | 00728nam a22002297a 4500 |
| 005 - DATE AND TIME OF LATEST TRANSACTION | |
| control field | 20170124105933.0 |
| 010 ## - LIBRARY OF CONGRESS CONTROL NUMBER | |
| LC control number | B-009355 |
| 020 ## - INTERNATIONAL STANDARD BOOK NUMBER | |
| International Standard Book Number | 8187504072 |
| Terms of availability | 175.00 |
| 035 ## - SYSTEM CONTROL NUMBER | |
| System control number | B-009355 |
| 037 ## - SOURCE OF ACQUISITION | |
| Source of stock number/acquisition | Cen Lib/ Ret |
| 040 ## - CATALOGING SOURCE | |
| Original cataloging agency | DPL |
| Language of cataloging | EN |
| 082 ## - DEWEY DECIMAL CLASSIFICATION NUMBER | |
| Classification number | 310 |
| Item number | GIR |
| 100 ## - MAIN ENTRY--PERSONAL NAME | |
| Personal name | Giri, Prasanta Kumar |
| 9 (RLIN) | 8770 |
| 245 ## - TITLE STATEMENT | |
| Title | Introduction to statistics : |
| Remainder of title | for H.S. students / |
| Statement of responsibility, etc | by Prasanta Kumar Giri [and] Jiban Banerjee |
| 260 ## - PUBLICATION, DISTRIBUTION, ETC. (IMPRINT) | |
| Place of publication, distribution, etc | Culcutta |
| Name of publisher, distributor, etc | Academic Publishers |
| Date of publication, distribution, etc | 2000 |
| 270 ## - ADDRESS | |
| Address | 12/1A , Bankim Chaterje Street |
| City | Calcutta |
| Postal code | 700073 |
| 300 ## - PHYSICAL DESCRIPTION | |
| Extent | 468p. : |
| Other physical details | ill. |
| Dimensions | 20cm(Hb) |
| 650 ## - SUBJECT ADDED ENTRY--TOPICAL TERM | |
| Topical term or geographic name as entry element | Social Science |
| 9 (RLIN) | 91604 |
| 650 ## - SUBJECT ADDED ENTRY--TOPICAL TERM | |
| Topical term or geographic name as entry element | Statistics |
| 9 (RLIN) | 7952 |
| 700 ## - ADDED ENTRY--PERSONAL NAME | |
| Personal name | Banerjee, Jiban |
| 9 (RLIN) | 8772 |
| 942 ## - ADDED ENTRY ELEMENTS (KOHA) | |
| Source of classification or shelving scheme | Dewey Decimal Classification |
| Koha item type | English Books |
| Classification part | 310 |
| Call number suffix | GIR |
| Withdrawn status | Lost status | Damaged status | Not for loan | Home library | Current library | Date acquired | Source of acquisition | Cost, normal purchase price | Total Checkouts | Full call number | Barcode | Date last seen | Copy number | Cost, replacement price | Price effective from | Koha item type |
|---|---|---|---|---|---|---|---|---|---|---|---|---|---|---|---|---|
| Central Library | Central Library | 13/06/2015 | Cen Lib/Ret | 175.00 | 310 GIR | B-009355 | 13/06/2015 | 1 | 175.00 | 13/06/2015 | English Books |
